LEADER 00964nam0-22003011i-450- 001 990003014040403321 035 $a000301404 035 $aFED01000301404 035 $a(Aleph)000301404FED01 035 $a000301404 100 $a20000920d1983----km-y0itay50------ba 101 0 $aita 102 $aIT 200 1 $aAspetti economici della coltivazione del sesamo in Somalia$fD.Borra, L.castellani, H.Ismail, M.Kalif. 210 $aTorino$cIstituto di economia e politica agraria dell'Università di Torino$d1983. 215 $a73 p.$d24 cm 676 $aF/1.11 676 $aH/1.223 702 1$aBorra,$bDaniela 712 2$aUniversità degli studi di Torino.$bIstituto di economia e politica agraria 801 0$aIT$bUNINA$gRICA$2UNIMARC 901 $aBK 912 $a990003014040403321 952 $aA/60 BOR$b2002$fSES 959 $aSES 996 $aAspetti economici della coltivazione del sesamo in Somalia$9467860 997 $aUNINA DB $aING01 LEADER 01115nam0-22003011i-450- 001 990006160120403321 005 20100720104652.0 035 $a000616012 035 $aFED01000616012 035 $a(Aleph)000616012FED01 035 $a000616012 100 $a20000112d1994----km-y0itay50------ba 101 0 $aita 102 $aIT 105 $ay-------001yy 200 1 $a<>Iva e gli scambi intracomunitari$easpetti generali$eoperazioni intracomunitarie$eoperazioni triangolari e regimi speciali$earmonizzazione delle aliquote$eadempimenti contabili eamministrativi$edisposizioni ministeriali$ecasistica$elegge 427$f93 di conversione del D.L. 331$f93$fFrancesco Santoro. 210 $aMilano$cGiuffre'$d1994 215 $aXII,, 302 p.$d24 cm 676 $a343.04$v11$zita 700 1$aSantoro,$bFrancesco$021541 801 0$aIT$bUNINA$gRICA$2UNIMARC 901 $aBK 912 $a990006160120403321 951 $aH 282$eDipartimento Scienze dello Stato Sez. Finanza Pubblica$fdss 952 $aXIV G 130$b24011*$fFGBC 959 $aDSS 996 $aIVA e gli scambi intracomunitari$9126441 997 $aUNINA LEADER 02458oam 2200625 450 001 9910706896703321 005 20180207101609.0 035 $a(CKB)5470000002458496 035 $a(OCoLC)896810306 035 $a(OCoLC)995470000002458496 035 $a(EXLCZ)995470000002458496 100 $a20141123d1975 ua 0 101 0 $aeng 135 $aurmn||||||||| 181 $ctxt$2rdacontent 182 $cc$2rdamedia 183 $acr$2rdacarrier 200 10$aDiagenesis and stratigraphy of the Lisburne Group limestones of the Sadlerochit Mountains and adjacent areas, northeastern Alaska /$fby George V. Wood and Augustus K. Armstrong 210 1$aWashington :$cUnited States Department of the Interior, Geological Survey,$d1975. 215 $a1 online resource (vi, 47 pages) $cillustrations (some color), maps 225 1 $aGeological Survey professional paper ;$v857 300 $aTitle from title screen (viewed October 2, 2014). 300 $a"Biostratigraphy and depositional environments of the Lisburne Group, with a detailed account of the relative age of diagenetic events affecting the carbonate rocks and an analysis of the resultant mineralogical changes." 320 $aIncludes bibliographical references (pages 38-41) and index. 606 $aLimestone$zAlaska$zSadlerochit Mountains 606 $aDiagenesis$zAlaska$zSadlerochit Mountains 606 $aGeology, Stratigraphic$yCarboniferous 606 $aGeology$zAlaska$zSadlerochit Mountains 606 $aCarboniferous Geologic Period$2fast 606 $aDiagenesis$2fast 606 $aGeology$2fast 606 $aGeology, Stratigraphic$2fast 606 $aLimestone$2fast 607 $aAlaska$zSadlerochit Mountains$2fast 615 0$aLimestone 615 0$aDiagenesis 615 0$aGeology, Stratigraphic 615 0$aGeology 615 7$aCarboniferous Geologic Period. 615 7$aDiagenesis. 615 7$aGeology. 615 7$aGeology, Stratigraphic. 615 7$aLimestone. 700 $aWood$b George V.$01419345 702 $aArmstrong$b Augustus K. 712 02$aGeological Survey (U.S.), 801 0$bCOP 801 1$bCOP 801 2$bOCLCO 801 2$bOCLCF 801 2$bGPO 906 $aBOOK 912 $a9910706896703321 996 $aDiagenesis and stratigraphy of the Lisburne Group limestones of the Sadlerochit Mountains and adjacent areas, northeastern Alaska$93533503 997 $aUNINA